Fast type the alphabet backwards - Statistics

General Stats
  • This quiz has been taken 3,311 times
  • The average score is 12 of 26
Answer Stats
Answer % Correct
z
98%
y
93%
x
90%
w
83%
v
71%
u
67%
t
63%
s
59%
r
55%
q
50%
p
46%
o
42%
n
39%
m
38%
l
35%
k
32%
j
30%
i
27%
h
26%
g
25%
a
23%
d
23%
e
23%
f
23%
c
22%
b
21%
No matching quizzes found
Score Distribution
Percent of People with Each Score
Percentile by Number Answered
Your Score History
You have not taken this quiz